Historia general de México. (Registro nro. 436972)

Detalles MARC
000 -LÍDER
Campo fijo de descripción fija 00706nam a22002297a 4500
003 - IDENTIFICADOR DEL NÚMERO DE CONTROL
Campo de control BCEG
005 - FECHA Y HORA DE LA ULTIMA TRANSACCIÓN
control field 20260109113626.0
008 - ELEMENTOS DE LONGITUD FIJA -- INFORMACIÓN GENERAL
Campo fijo de descripción fija -- Información general 260109s1981 mx |||||||||||||||||spa d
020 ## - ISBN
Isbn 9681200802
020 ## - ISBN
Isbn 9681201353
040 ## - FUENTE DE CATALOGACIÓN
Agencia de catalogación original BCEG
Idioma de catalogación spa
Agencia que realiza la transcripción BCEG
082 04 - NÚMERO DE CLASIFICACIÓN DECIMAL DEWEY
Número de clasificación 972
Clave de autor-Numero de item H672h
245 00 - TÍTULO PROPIAMENTE DICHO
Título Historia general de México.
260 ## - PUBLICACIÓN, DISTRIBUCIÓN, ETC. (PIE DE IMPRENTA)
Lugar de publicación, distribución, etc. México :
Nombre del editor, distribuidor, etc. El Colegio de México, Centro de Estudios Históricos,
Fecha de publicación, distribución, etc. 1981.
300 ## - DESCRIPCIÓN FÍSICA
Extensión 2 v. :
Otros detalles físicos il.
500 ## - NOTA GENERAL
Nota General Con firma de la donante: Célica Cánovas, Nov., 1983.
504 ## - NOTA DE BIBLIOGRAFÍA, ETC.
Nota de bibliografía, etc Incluye índice onomástico y bibliografía.
541 ## - NOTA DE FUENTE INMEDIATA DE ADQUISICIÓN
Nota de fuente de adquisición Donación.
650 14 - ASIENTO SECUNDARIO DE MATERIA - TERMINO TEMÁTICO
Término temático o nombre geográfico como elemento de entrada México
Subdivisión general Historia.
700 1# - ASIENTO SECUNDARIO - NOMBRE PERSONAL
Nombre personal Cosío Villegas, Daniel,
Fechas asociadas con el nombre 1898-1976,
Función o responsabilidad del autor introd.
942 ## - TIPO DE MATERIAL (KOHA)
Tipo de Item KOHA Libro
Existencias
No para Préstamo Colección Biblioteca de Origen Biblioteca Permanente Fecha de Adquisición Fuente de Adquisicion Total de Préstamos Signatura Topográfica Código de Barras Última vez visto Ejemplar Tipo de Material
Material en Reserva General Biblioteca Central Estatal de Guanajuato, "Wigberto Jiménez Moreno" Biblioteca Central Estatal de Guanajuato, "Wigberto Jiménez Moreno" 09/01/2026 DONAD   972 H672h BCEG8655230725 09/01/2026 v. 1 Libro
Material en Reserva General Biblioteca Central Estatal de Guanajuato, "Wigberto Jiménez Moreno" Biblioteca Central Estatal de Guanajuato, "Wigberto Jiménez Moreno" 09/01/2026 DONAD   972 H672h BCEG8655230708 09/01/2026 v. 2 Libro